| 000 | 00984nam a2200265 a 4500 | ||
|---|---|---|---|
| 001 | 000021563 | ||
| 003 | DO-SdBNP | ||
| 005 | 20250411115307.0 | ||
| 008 | 100909s19uu dr c 000 0 spa d | ||
| 040 |
_aDO-SdBNP _bspa _cBNPHU |
||
| 049 | _aBNPD | ||
| 082 |
_a972.93052 _bC957d _222 |
||
| 100 | 1 |
_a Cruz Infante, José A., _q(José Abigail) _92460 |
|
| 245 | 1 | 3 |
_aUna interpretación del 23 de febrero de 1930 : _bel diálogo con Rafael Vidal Torres / _cJosé Abigaíl Cruz Infante. |
| 260 |
_aSanto Domingo : _bUniversidad CETEC, _c[19--?]. _fEducativa Dominicana, |
||
| 300 |
_a47 p. : _bil. ; retrs. ; _c22 cm. |
||
| 490 | 1 |
_aEnsayos _v4 |
|
| 500 | _aIncluye notas al pie de páginas. | ||
| 600 | 1 | 4 |
_aVásquez, Horacio, _d1860-1936 _940202 |
| 650 | 0 |
_aMovimientos sociales _zRepública Dominicana _923226 _2LEMB |
|
| 651 | 4 |
_aRepública Dominicana _xHistoria _z1924-1930 _944934 |
|
| 830 | 0 |
_aEnsayos _n4 _940781 |
|
| 910 | _aValidado. Control de calidad EMS | ||
| 942 |
_2ddc _cLF2 |
||
| 999 |
_c21062 _d21062 |
||